000 005320000a22001930004500
003 LK-CoMWRAF
005 20231103004029.0
008 230817t2000 ||||| |||| 00| 0 eng d
020 _a9558156590
040 _aLK-CoMWRAF
_dLK-CoMWRAF
_eLK-CoMWRAF
041 _aeng
082 _a954.9301
_bPAR
100 _aParanavitana, Senarat
245 _aThe story of Sigiri
260 _aPannipitiya:
_bStamford Lake,
_c2000
300 _aix, 153, 127 p. illus. 4 plates. 26 cm.
650 _aSri Lanka -- History -- To 1505
942 _cBK
999 _c874
_d874